ARRUPE JESUIT UNIVERSITY

CORONAVIRUS -STOP THE SPREAD - CLEAN,DISINFECT,COVER

South Africa : (Record no. 122856)

MARC details
000 -LEADER
fixed length control field 00900cam a2200277 a 4500
001 - CONTROL NUMBER
control field 897457
003 - CONTROL NUMBER IDENTIFIER
control field ARRUPE
005 - DATE AND TIME OF LATEST TRANSACTION
control field 20150518173002.0
008 - FIXED-LENGTH DATA ELEMENTS--GENERAL INFORMATION
fixed length control field 910116s1990 enka 001 0 eng d
020 ## - INTERNATIONAL STANDARD BOOK NUMBER
International Standard Book Number 0297811460
035 ## - SYSTEM CONTROL NUMBER
System control number (OCoLC)317789845
035 ## - SYSTEM CONTROL NUMBER
System control number (OCoLC)ocn317789845
035 ## - SYSTEM CONTROL NUMBER
System control number (CStRLIN)NYCG91-B3949
035 ## - SYSTEM CONTROL NUMBER
System control number (NNC)897457
040 ## - CATALOGING SOURCE
Original cataloging agency NBuU
Transcribing agency NBuU
Modifying agency NjP
050 ## - LIBRARY OF CONGRESS CALL NUMBER
Classification number DT1945
Item number .B88 1990
300 ## - PHYSICAL DESCRIPTION
Other physical details ill. ;
Dimensions 24 cm.
100 1# - MAIN ENTRY--PERSONAL NAME
Personal name Buthelezi, Gatsha Mangosuthu
9 (RLIN) 17877
245 10 - TITLE STATEMENT
Title South Africa :
Remainder of title my vision of the future /
Statement of responsibility, etc Mangosuthu G. Buthelezi.
260 ## - PUBLICATION, DISTRIBUTION, ETC. (IMPRINT)
Place of publication, distribution, etc London :
Name of publisher, distributor, etc Weidenfeld and Nicolson,
Date of publication, distribution, etc c1990.
300 ## - PHYSICAL DESCRIPTION
Extent 152 p., [8] p. of plates :
650 #0 - SUBJECT ADDED ENTRY--TOPICAL TERM
Topical term or geographic name as entry element Apartheid
Geographic subdivision South Africa.
9 (RLIN) 17878
651 #0 - SUBJECT ADDED ENTRY--GEOGRAPHIC NAME
Geographic name South Africa
General subdivision Politics and government
Chronological subdivision 1978-1989.
9 (RLIN) 8521
651 #0 - SUBJECT ADDED ENTRY--GEOGRAPHIC NAME
Geographic name South Africa
General subdivision Economic conditions
Chronological subdivision 1961-1991.
9 (RLIN) 17879
942 ## - ADDED ENTRY ELEMENTS (KOHA)
Source of classification or shelving scheme Library of Congress Classification
Koha item type Monograph ( Printed materials)
Holdings
Withdrawn status Lost status Source of classification or shelving scheme Damaged status Not for loan Collection code Home library Current library Shelving location Date acquired Total Checkouts Full call number Barcode Date last seen Price effective from Koha item type
    Library of Congress Classification     Main Collection ARRUPE LIBRARY ARRUPE LIBRARY Main Collection 18/05/2015   DT1945.B88 1990 46500002306 07/12/2017 18/05/2015 Monograph ( Printed materials)

 

Arrupe Library. PO Box MP320 Mt Pleasant, Harare, Zimbabwe
263 242 745411|librarian@aju.ac.zw